| 000 | 00536nam a2200157Ia 4500 | ||
|---|---|---|---|
| 008 | 170221s9999 xx 000 0 und d | ||
| 100 | _aWen-Xiao Shi | ||
| 245 | _aRouting and Channel Assignment for Multicast in Multi-Channel Multi-Radio Wireless Mesh Networks | ||
| 245 | _cWen-Xiao Shi, Ke-Qiang Cui, and Yuan Chai | ||
| 260 | _bJournal of Communications | ||
| 260 | _c2016 | ||
| 300 | _a11 : 11 | ||
| 650 | _xCommunication | ||
| 650 | _xMedia Arts | ||
| 856 | _uhttp://www.jocm.us/index.php?m=content&c=index&a=lists&catid=168 | ||
| 999 |
_c306886 _d306886 |
||